000
00330pab a2200145 454500
008
180718b1985 xxu||||| |||| 00| 0 eng d
100
_a
Sabherwal, O.P.
245
_a
Akali politics
_b
What next?
260
_c
1985
300
_a
6,34
362
_a
18 May
650
_a
Punjab - Politics
773
_a
Mainstream
909
_a
16836
999
_c
16836
_d
16836